000 00713nam a22002537a 4500
001 BR8803274
003 BR-BrBNA
005 20230928092924.0
007 ta
008 230509b bl.||||| |||| 00| 0 por d
040 _aBR-BrBNA
_bpor
_cBiblioteca Nacional de Agricultura
041 _a(Por)
072 _aL01
_b7110
_b/G514
090 _ 7110 BR8803274
110 1 _aInstituto de Apicultura de Santa Catarina, Florianopolis (Brasil)
_95969
245 1 _aCalendario apicola catarinense
260 3 _aFlorianopolis, SC (Brasil):
_c1986.
300 _a40 p.
650 _aAPICULTURA
650 _aPLANEJAMENTO AGRICOLA
650 _aSANTA CATARINA
909 _a202309
_bLucia
_c55
_dLucia Elande
942 _cBK
999 _c42000
_d42000